000 00835nam1a22002171i 4500
001 rc\3018849
005 20240726014803.0
035 _a(NLR Aleph) 007161039
090 _a7249316
_c7249316
100 _a20110926d1935 |||y0rusy50 ca
101 0 _arus
102 _aRU
105 _ay z |||||
200 1 _aИтоги переписи скота по Воронежской области на 1 января 1935 года
_eВып. 1-
_fУпр. нар.-хоз. учета Ворон. обл.
210 _aВоронеж
_cБ. и.
_d1935
_e[Тамбов]
_gтип. УМП
215 _d29х18 см
712 0 1 _aВоронежская область
_bУправление народно-хозяйственного учета
_4570
801 0 _aRU
_bNLR
_gpsbo
801 1 _aRU
_bELAR
_2rusmarc
852 _aNLR
_j35-20/170(1)
942 _cBOOK